00385nam a2200169Ia 4500008004100000020001800041050001400059100001700073245001700090245001900107260001500126260001600141260000900157300001400166300002500180300001000205180207s9999 xx 000 0 und d a9780545236690 bK198 2006 aKatz, Karen. aMommu hugs / cby Karen Katz. aNew York : bScholastic, c2006 aunpaged : bcolor illustration ; c24cm.